Bioclimats du sud-est asiatique (Record no. 84372)
[ view plain ]
| 000 -LEADER | |
|---|---|
| fixed length control field | 01210cam a22003131i 4500 |
| 001 - CONTROL NUMBER | |
| control field | sa 68012194 |
| 003 - CONTROL NUMBER IDENTIFIER | |
| control field | DLC |
| 005 - DATE AND TIME OF LATEST TRANSACTION | |
| control field | 20260227112607.0 |
| 008 - FIXED-LENGTH DATA ELEMENTS--GENERAL INFORMATION | |
| fixed length control field | 770725s1967 ii ab b 000 0 fre |
| 010 ## - LIBRARY OF CONGRESS CONTROL NUMBER | |
| LC control number | sa 68012194 |
| 035 ## - SYSTEM CONTROL NUMBER | |
| System control number | (OCoLC)3138851 |
| 040 ## - CATALOGING SOURCE | |
| Original cataloging agency | DLC |
| Transcribing agency | AzTeS |
| Modifying agency | DLC |
| 041 0# - LANGUAGE CODE | |
| Language code of text/sound track or separate title | fre |
| Language code of summary or abstract | engfre |
| 042 ## - AUTHENTICATION CODE | |
| Authentication code | premarc |
| 043 ## - GEOGRAPHIC AREA CODE | |
| Geographic area code | as----- |
| 050 00 - LIBRARY OF CONGRESS CALL NUMBER | |
| Classification number | Q2 |
| Item number | .I485 t. 3, fasc. 4 |
| 100 1# - MAIN ENTRY--PERSONAL NAME | |
| Personal name | Gaussen, Henri, |
| Dates associated with a name | 1891- |
| 245 10 - TITLE STATEMENT | |
| Title | Bioclimats du sud-est asiatique |
| Statement of responsibility, etc. | par H. Gaussen, P. Legris [et] F. Blasco. Avec la collaboration de J. P. Barry, V. M. Meher Homji [et] J. P. Troy. |
| 260 ## - PUBLICATION, DISTRIBUTION, ETC. | |
| Place of publication, distribution, etc. | Pondichéry, |
| Name of publisher, distributor, etc. | Imprimerie de la Mission, |
| Date of publication, distribution, etc. | 1967. |
| 300 ## - PHYSICAL DESCRIPTION | |
| Extent | 114 p. |
| Other physical details | illus., maps (1 fold.) |
| Dimensions | 25 cm. |
| 490 1# - SERIES STATEMENT | |
| Series statement | Institut français de Pondichéry. Travaux de la section scientifique et technique, |
| Volume/sequential designation | t. 3, fasc. 4 |
| 504 ## - BIBLIOGRAPHY, ETC. NOTE | |
| Bibliography, etc. note | Bibliography: p. [96]-104. |
| 500 ## - GENERAL NOTE | |
| General note | Accompanied by fold. col. map. |
| 650 #0 - SUBJECT ADDED ENTRY--TOPICAL TERM | |
| Topical term or geographic name entry element | Bioclimatology |
| Geographic subdivision | Southeast Asia. |
| 651 #0 - SUBJECT ADDED ENTRY--GEOGRAPHIC NAME | |
| Geographic name | Southeast Asia |
| General subdivision | Climate. |
| 700 1# - ADDED ENTRY--PERSONAL NAME | |
| Personal name | Legris, P., |
| Relator term | joint author. |
| 700 1# - ADDED ENTRY--PERSONAL NAME | |
| Personal name | Blasco, François, |
| Relator term | joint author. |
| 810 2# - SERIES ADDED ENTRY--CORPORATE NAME | |
| Corporate name or jurisdiction name as entry element | Institut français de Pondichéry. |
| Subordinate unit | Section scientifique et technique. |
| Title of a work | Travaux ; |
| Volume/sequential designation | t. 3, fasc. 4. |
No items available.